Library of the University of Algiers 3
Ibrahim Sultan Cheibout
شعار جامعة الجزائر 3
مكتبة جامعة الجزائر 3
إبراهيم سلطان شيبوط

مشكلة البطالة وأثر برنامج الإصلاح الإقتصادي عليها : (رقم التسجيلة. 43022)

تفاصيل مارك
000 -LEADER
fixed length control field 01206nam a2200217Ia 4500
003 - CONTROL NUMBER IDENTIFIER
control field Ost
005 - DATE AND TIME OF LATEST TRANSACTION
control field 20260507075117.0
008 - FIXED-LENGTH DATA ELEMENTS--GENERAL INFORMATION
fixed length control field 260507s9999||||xx |||||||||||||| ||und||
020 ## - INTERNATIONAL STANDARD BOOK NUMBER
International Standard Book Number 63005433977
040 ## - CATALOGING SOURCE
Transcribing agency fsecg
041 ## - LANGUAGE CODE
Language code of text/sound track or separate title ara
082 ## - DEWEY DECIMAL CLASSIFICATION NUMBER
Classification number 331.137
100 ## - MAIN ENTRY--PERSONAL NAME
Personal name نجا، علي عبد الوهاب
Relator term مؤلف
245 #0 - TITLE STATEMENT
Title مشكلة البطالة وأثر برنامج الإصلاح الإقتصادي عليها :
Remainder of title دراسة تحليلية تطبيقية /
Statement of responsibility, etc. علي عبد الوهاب نجا
260 ## - PUBLICATION, DISTRIBUTION, ETC.
Place of publication, distribution, etc. الإسكندرية:
Name of publisher, distributor, etc. الدار الجامعية,
Date of publication, distribution, etc. 2005
300 ## - PHYSICAL DESCRIPTION
Extent 503 صفحة؛
Other physical details إيضاحات ؛
Dimensions 25 سم
520 ## - SUMMARY, ETC.
Summary, etc. البطالة ونظرياتها- البطالة في مصر قبل تطبيق برنامج الإصلاح الإقتصادي- أنواعها وتطورها- هيكل البطالة في الإقتصاد المصري قبل تطبيق برنامج الإصلاح الإقتصادي- أسباب البطالة في مصر وتقييم سياسة علاجها- برنامج الإصلاح الإقتصادي ومشكلة البطالة في مصر
653 ## - INDEX TERM--UNCONTROLLED
Uncontrolled term الإصلاح الإقتصادي
653 ## - INDEX TERM--UNCONTROLLED
Uncontrolled term البطالة
942 ## - ADDED ENTRY ELEMENTS (KOHA)
Koha item type كتب
المقتنيات
Withdrawn status Lost status Source of classification or shelving scheme Damaged status Not for loan Home library Current library Date acquired Serial enumeration / chronology Inventory number Total checkouts Full call number Barcode Date last seen Price effective from Koha item type
    Dewey Decimal Classification   NOT LOAN / إعارة داخلية مكتبة كلية العلوم الإقتصادية والعلوم التجارية وعلوم التسيير مكتبة كلية العلوم الإقتصادية والعلوم التجارية وعلوم التسيير 07/05/2026 الطابق الأرضي 1937/1   أ/1937ن1 1937/1 07/05/2026 07/05/2026 كتب
    Dewey Decimal Classification   Available مكتبة كلية العلوم الإقتصادية والعلوم التجارية وعلوم التسيير مكتبة كلية العلوم الإقتصادية والعلوم التجارية وعلوم التسيير 07/05/2026 الطابق الثاني 1937/2   أ/1937ن2 1937/2 07/05/2026 07/05/2026 كتب

موارد الويب المفتوحة


© University of Algiers 3 All Rights Reserved
|
Implemented by LECHELAH Riad